Statistics for Crystal Castles - Kerosene

Click here to take the quiz!

General Stats

  • This quiz has been taken 13 times
  • The average score is 58 of 125

Answer Stats

Answer% Correct
I
100%
you
89%
And
67%
can
67%
I've
67%
i've
67%
Kerosene
67%
kerosene
67%
no
67%
your
67%
me
56%
my
56%
to
56%
All
44%
as
44%
at
44%
away
44%
Can't
44%
charity
44%
clean
44%
dimming
44%
dishonesty
44%
Enthusiasm
44%
for
44%
from
44%
go
44%
God
44%
I'll
44%
in
44%
In
44%
Language
44%
Lend
44%
Light
44%
Lost
44%
Nothing's
44%
of
44%
protect
44%
Rinse
44%
saline
44%
seen
44%
the
44%
them
44%
there's
44%
they
44%
things
44%
will
44%
with
44%
wounds
44%
back
33%
Bandage
33%
binary
33%
borrow
33%
comfort
33%
defiling
33%
Drown
33%
impurity
33%
modesty
33%
nature
33%
offend
33%
pure
33%
sleep
33%
sorrow
33%
tapestry
33%
Thank
33%
tragedy
33%
Wash
33%
weak
33%
wrong
33%
identity
22%
infancy
22%
Instruct
22%
Trade
22%

Score Distribution

Percentile by Number Answered

Percent of People with Each Score

Your Score History

You have not taken this quiz